000 00859nam a22002417a 4500
005 20110816122752.0
008 110816t xxu||||| |||| 00| 0 eng d
010 _aENG-103516
020 _c250.00
035 _aEN-87049
037 _bDBAD/PUB
040 _aDPL
_bEng
082 _a611.7
100 _932849
_aReddy,Raja
245 _aEndemic skeletal fluorosis /
_cby Raja Reddy [and] Srikanth R Deme
260 _c2010
_aHyderabad
_bRamaiah Vidyapeetham
270 _a1-8-702/33/20A Padma Colony, Nallakunta
_bHyderabad
_e500044
300 _a171p.
_c22cm(pbk)
500 _aIncludes bibliographical references
700 _aDeme,Srikanth R.
_933249
942 _2ddc
_cEN
_mRED
_h611.7
999 _c55745
_d55745